[Event "CAN-ch"]
[Site "Richmond CAN"]
[Date "2002.03.24"]
[Round "5.15"]
[White "Mayo, Alvah"]
[Black "Zubac, Marius"]
[Result "0-1"]
[WhiteElo "2154"]
[BlackElo "2231"]
[PlyCount "64"]
[EventDate "2002.03.21"]
[EventType "swiss"]
[EventRounds "11"]
[EventCountry "CAN"]

1. e4 c5 2. Nc3 Nc6 3. f4 g6 4. Nf3 Bg7 5. Bb5 Nd4 6. Bd3 e6 7. Nxd4 cxd4 8.
Nb5 d6 9. c3 Ne7 10. Nxd4 Qb6 11. Qa4+ Bd7 12. Bb5 Nc6 13. Nxc6 bxc6 14. Be2 a5
15. Qb3 Qa7 16. d4 O-O 17. Qa3 e5 18. fxe5 dxe5 19. dxe5 Be6 20. Bf4 Rfb8 21.
O-O-O Qf2 22. Bf3 Bf8 23. Rd6 a4 24. Rhd1 Bb3 25. axb3 axb3 26. R6d2 Qb6 27. e6
Bxa3 28. exf7+ Kxf7 29. bxa3 b2+ 30. Kb1 Rxa3 31. Rd7+ Kg8 32. Bg4 Ra1+ 0-1

[Event "CAN-ch"]
[Site "Richmond CAN"]
[Date "2002.03.24"]
[Round "5.16"]
[White "Wu, Howard"]
[Black "Leblanc, Paul"]
[Result "1/2-1/2"]
[WhiteElo "2230"]
[BlackElo "2085"]
[PlyCount "63"]
[EventDate "2002.03.21"]
[EventType "swiss"]
[EventRounds "11"]
[EventCountry "CAN"]

1. e4 c6 2. d4 d5 3. exd5 cxd5 4. c4 Nf6 5. Nc3 e6 6. Nf3 Bb4 7. cxd5 Nxd5 8.
Bd2 b6 9. Bd3 Bb7 10. O-O Bd6 11. Bb5+ Nd7 12. Ne4 Bc7 13. Ne5 Bxe5 14. dxe5
O-O 15. Nd6 Rb8 16. Nxb7 Rxb7 17. Bc6 Rc7 18. Bxd5 exd5 19. Bc3 Nc5 20. f4 Rd7
21. Bd4 Ne6 22. f5 Nxd4 23. Qxd4 Re8 24. Rae1 Rde7 25. f6 Re6 26. Qg4 g6 27.
Qg5 Qc7 28. Qh6 Qc5+ 29. Kh1 Qf8 30. Qf4 Rc8 31. Rc1 Rec6 32. Rce1 1/2-1/2

[Event "CAN-ch"]
[Site "Richmond CAN"]
[Date "2002.03.24"]
[Round "5.17"]
[White "Bogle, Bill"]
[Black "Sladek, Vaclav"]
[Result "1/2-1/2"]
[WhiteElo "2164"]
[BlackElo "2085"]
[PlyCount "59"]
[EventDate "2002.03.21"]
[EventType "swiss"]
[EventRounds "11"]
[EventCountry "CAN"]

1. e4 c5 2. Nf3 d6 3. d4 cxd4 4. Nxd4 Nf6 5. Nc3 a6 6. Be3 Ng4 7. Bg5 h6 8. Bh4
g5 9. Bg3 Bg7 10. Be2 h5 11. Bxg4 Bxg4 12. f3 Bd7 13. Qd2 Nc6 14. Nf5 Bxf5 15.
exf5 Qa5 16. Nd5 Qxd2+ 17. Kxd2 O-O-O 18. Rae1 h4 19. Bf2 Be5 20. c3 e6 21.
fxe6 fxe6 22. Nb6+ Kc7 23. Nc4 Bf4+ 24. Kc2 Rde8 25. g3 hxg3 26. hxg3 Be5 27.
Bb6+ Kd7 28. Nxe5+ Nxe5 29. f4 gxf4 30. gxf4 1/2-1/2

[Event "CAN-ch"]
[Site "Richmond CAN"]
[Date "2002.03.24"]
[Round "5.18"]
[White "Salcedo, Daniel"]
[Black "Yousefzadeh, Mehrdad"]
[Result "0-1"]
[WhiteElo "2158"]
[BlackElo "2024"]
[PlyCount "172"]
[EventDate "2002.03.21"]
[EventType "swiss"]
[EventRounds "11"]
[EventCountry "CAN"]

1. d4 Nf6 2. c4 e6 3. Nc3 Bb4 4. e3 O-O 5. Bd3 c5 6. d5 Bxc3+ 7. bxc3 d6 8. Ne2
e5 9. e4 Nbd7 10. Ng3 Re8 11. h4 Nf8 12. h5 h6 13. f3 N8h7 14. Be3 Kf8 15. Qd2
Ng8 16. Nf1 Ke7 17. g4 Kd7 18. Ng3 Kc7 19. Kf2 f6 20. Qb2 Ne7 21. Rab1 Kb8 22.
Qa3 Qc7 23. Rb2 Ng5 24. Rhb1 b6 25. Bc2 Bb7 26. Ba4 Rf8 27. Nf5 Nxf5 28. exf5
Kc8 29. Bb5 Kd8 30. Ba6 Ke7 31. Kg3 Bxa6 32. Qxa6 Rfb8 33. Bxg5 fxg5 34. Qa4
Kf6 35. Qb5 Qe7 36. a4 e4 37. Re2 Qe5+ 38. Kf2 Qh2+ 39. Ke1 Qg3+ 40. Kd2 Qxf3
41. Rbe1 Qd3+ 42. Kc1 Qxc3+ 43. Kb1 Qd3+ 44. Ka2 Re8 45. Re3 Qd2+ 46. Qb2+
Qxb2+ 47. Kxb2 Re5 48. Kc3 Rae8 49. Rb1 R5e7 50. Rbe1 Kf7 51. R1e2 Re5 52. Re1
R8e7 53. Rf1 Kf8 54. Ra1 Ke8 55. Ra2 Kd8 56. Ra1 Kc8 57. Rf1 Rf7 58. Rfe1 Kd7
59. Rh1 Rf8 60. Rhe1 Rfe8 61. R1e2 a6 62. Rb2 Rb8 63. Rb1 Kc7 64. Rbe1 b5 65.
axb5 axb5 66. Rxe4 b4+ 67. Kb2 Rbe8 68. Rxe5 Rxe5 69. Ra1 Re2+ 70. Kb3 Re3+ 71.
Kb2 Re4 72. Ra7+ Kb6 73. Rxg7 Rxc4 74. Rg6 Rxg4 75. Rxd6+ Kb5 76. Rd8 Rg2+ 77.
Kc1 Kc4 78. f6 Rf2 79. Rd6 b3 80. Rb6 Kc3 81. Kd1 b2 82. Ke1 Rxf6 83. Rxf6
b1=Q+ 84. Kf2 Qc2+ 85. Kg3 Qe4 86. Rxh6 Qxd5 0-1

[Event "CAN-ch"]
[Site "Richmond CAN"]
[Date "2002.03.26"]
[Round "6.3"]
[White "Yoos, John"]
[Black "Haessel, Dale"]
[Result "1-0"]
[WhiteElo "2425"]
[BlackElo "2263"]
[PlyCount "101"]
[EventDate "2002.03.21"]
[EventType "swiss"]
[EventRounds "11"]
[EventCountry "CAN"]

1. e4 c5 2. Nf3 d6 3. d4 cxd4 4. Nxd4 Nf6 5. Nc3 a6 6. Bg5 e6 7. f4 Nc6 8. Nxc6
bxc6 9. e5 h6 10. Bh4 g5 11. fxg5 Nd5 12. Ne4 Qb6 13. Bd3 hxg5 14. Bg3 Qe3+ 15.
Qe2 Qxe2+ 16. Kxe2 Nf4+ 17. Bxf4 gxf4 18. Nxd6+ Bxd6 19. exd6 e5 20. g3 Bg4+
21. Kf2 fxg3+ 22. hxg3 Kd7 23. Ke3 a5 24. Rhf1 Be6 25. Bf5 Kxd6 26. Rad1+ Ke7
27. Be4 Rh2 28. Rf2 Rxf2 29. Kxf2 Rh8 30. Bxc6 Rh2+ 31. Bg2 Bh3 32. Rg1 e4 33.
g4 f5 34. gxf5 Bxf5 35. Kg3 Rh8 36. Kf4 Ke6 37. Rd1 Rb8 38. b3 Rc8 39. c4 Rh8
40. Rh1 Rxh1 41. Bxh1 e3 42. Kxe3 Bb1 43. a3 Ke5 44. b4 axb4 45. axb4 Ba2 46.
Kd3 Bb3 47. Kc3 Bd1 48. b5 Be2 49. Kb4 Kd6 50. c5+ Kc7 51. Ka5 1-0

[Event "CAN-ch"]
[Site "Richmond CAN"]
[Date "2002.03.26"]
[Round "6.4"]
[White "Reeve, Jeff"]
[Black "McLaren, Brian"]
[Result "1/2-1/2"]
[WhiteElo "2348"]
[BlackElo "2290"]
[PlyCount "87"]
[EventDate "2002.03.21"]
[EventType "swiss"]
[EventRounds "11"]
[EventCountry "CAN"]

1. e4 Nf6 2. e5 Nd5 3. d4 d6 4. Nf3 Bg4 5. Be2 c6 6. c4 Nb6 7. Nbd2 N8d7 8. O-O
dxe5 9. Nxe5 Bxe2 10. Qxe2 Nxe5 11. dxe5 e6 12. b3 Qc7 13. f4 Nd7 14. Ne4 Nc5
15. Rd1 Rd8 16. Bb2 Nxe4 17. Qxe4 Bc5+ 18. Kh1 O-O 19. h3 Rxd1+ 20. Rxd1 Rd8
21. Qe2 Rd7 22. Kh2 Qd8 23. Rxd7 Qxd7 24. Bc3 b5 25. cxb5 cxb5 26. Qd2 Qxd2 27.
Bxd2 Kf8 28. Kg3 Ke7 29. Kf3 a6 30. Ke4 Kd7 31. g4 Kc6 32. h4 g6 33. h5 Be7 34.
Be3 Bb4 35. Bc1 Bc5 36. Bd2 Be7 37. Be3 Ba3 38. Bd4 a5 39. Be3 a4 40. Bd4 axb3
41. axb3 Be7 42. Be3 Bb4 43. Bd4 Be7 44. Be3 1/2-1/2

[Event "CAN-ch"]
[Site "Richmond CAN"]
[Date "2002.03.26"]
[Round "6.6"]
[White "Herder, David"]
[Black "Ross, Dave"]
[Result "1/2-1/2"]
[WhiteElo "2273"]
[BlackElo "2397"]
[PlyCount "191"]
[EventDate "2002.03.21"]
[EventType "swiss"]
[EventRounds "11"]
[EventCountry "CAN"]

1. d4 d6 2. e4 g6 3. Be3 Bg7 4. Nc3 a6 5. Qd2 b5 6. Bd3 Nd7 7. a4 b4 8. Nce2
Rb8 9. a5 c5 10. c3 bxc3 11. bxc3 cxd4 12. cxd4 Nc5 13. Bc2 Nb3 14. Bxb3 Rxb3
15. Nc3 Nf6 16. Nge2 Be6 17. d5 Bd7 18. Nd4 Rxc3 19. Qxc3 Nxe4 20. Qc2 Nc5 21.
O-O Qa8 22. Rab1 O-O 23. Nc6 Bxc6 24. dxc6 Rc8 25. Rb6 Rxc6 26. Rfb1 Rc8 27.
Bxc5 dxc5 28. Qc4 Bd4 29. Rb7 Bf6 30. g3 Kg7 31. h4 h5 32. R1b6 Rd8 33. Qxc5
Rd1+ 34. Kh2 Qd8 35. Rb3 Qd2 36. Qe3 Qxa5 37. Ra3 Qf5 38. Qf3 Qc2 39. Rxa6 Rd2
40. Rxf6 exf6 41. Kg2 Rd3 42. Rc7 Qxc7 43. Qxd3 Qe5 44. Qd7 Qe4+ 45. Kg1 g5 46.
hxg5 fxg5 47. Qd2 Qe5 48. Qd8 Qe1+ 49. Kg2 Qe4+ 50. Kg1 Qg4 51. Qe7 Qf5 52. Qd8
h4 53. Qd4+ Qf6 54. Qe4 hxg3 55. fxg3 Qc3 56. Kg2 Kf6 57. Qd5 Qc2+ 58. Kg1 Qf5
59. Qd6+ Kg7 60. Qd4+ f6 61. g4 Qe6 62. Kg2 Kf7 63. Qa7+ Ke8 64. Qd4 Ke7 65.
Kf3 Qc6+ 66. Kf2 Qd6 67. Qe4+ Kf8 68. Qa8+ Kf7 69. Qb7+ Qe7 70. Qd5+ Kg7 71.
Qf5 Qa7+ 72. Kg2 Qd4 73. Qe6 Kf8 74. Kf3 Qf4+ 75. Kg2 Qe5 76. Qd7 Qe2+ 77. Kg3
Qe7 78. Qc8+ Kf7 79. Kf3 Qa3+ 80. Kg2 Qb2+ 81. Kf3 Qb3+ 82. Kf2 Qd5 83. Qc7+
Ke6 84. Qc8+ Qd7 85. Qc4+ Ke7 86. Qe4+ Qe6 87. Qd4 Qa2+ 88. Kf3 Qb3+ 89. Ke4
Ke6 90. Qe5+ Kf7 91. Qc7+ Kg6 92. Qd7 Qc4+ 93. Kf3 Qf4+ 94. Kg2 Qe4+ 95. Kg3
Qe5+ 96. Kg2 1/2-1/2

[Event "CAN-ch"]
[Site "Richmond CAN"]
[Date "2002.03.26"]
[Round "6.7"]
[White "Berry, Jonathan"]
[Black "Gardner, Robert"]
[Result "1/2-1/2"]
[WhiteElo "2379"]
[BlackElo "2268"]
[PlyCount "113"]
[EventDate "2002.03.21"]
[EventType "swiss"]
[EventRounds "11"]
[EventCountry "CAN"]

1. d4 f5 2. g3 Nf6 3. Bg2 g6 4. Nh3 d6 5. Nf4 c6 6. Nc3 e5 7. dxe5 dxe5 8.
Qxd8+ Kxd8 9. Nd3 e4 10. Bg5 Be7 11. Nf4 Ke8 12. f3 exf3 13. Bxf3 Kf7 14. Nd3
Be6 15. O-O h6 16. Bd2 Nbd7 17. Rae1 Nc5 18. a3 Kg7 19. Be3 Ncd7 20. Bd4 c5 21.
Bf2 c4 22. Nf4 Bf7 23. e4 g5 24. exf5 gxf4 25. Rxe7 Rhe8 26. Rfe1 Rxe7 27. Rxe7
Kf8 28. Re2 fxg3 29. hxg3 h5 30. Bd4 a5 31. Kg2 Rb8 32. Nb5 b6 33. Nc7 Rc8 34.
Ne6+ Kg8 35. Kh3 b5 36. Kh4 b4 37. axb4 axb4 38. Ng5 c3 39. bxc3 bxc3 40. Nxf7
Rc4 41. Nh6+ Kf8 42. Kg5 Rxd4 43. Re3 Rd2 44. Bxh5 Rxc2 45. Ng4 Nxh5 46. Kxh5
Rc1 47. Kg5 c2 48. Rc3 Rg1 49. Rxc2 Rxg3 50. Rc7 Ne5 51. Kf4 Rxg4+ 52. Kxe5 Ra4
53. Kf6 Ra6+ 54. Kg5 Rb6 55. Ra7 Rc6 56. f6 Rc1 57. Ra8+ 1/2-1/2

[Event "CAN-ch"]
[Site "Richmond CAN"]
[Date "2002.03.26"]
[Round "6.8"]
[White "Lawson, Eric"]
[Black "Ristovic, Nenad"]
[Result "1-0"]
[WhiteElo "2200"]
[BlackElo "2346"]
[PlyCount "77"]
[EventDate "2002.03.21"]
[EventType "swiss"]
[EventRounds "11"]
[EventCountry "CAN"]

1. d4 d5 2. Bg5 c6 3. Nf3 Qb6 4. b3 h6 5. Bh4 Bf5 6. e3 e6 7. Bd3 Bxd3 8. Qxd3
Nd7 9. O-O Ne7 10. c4 Nf5 11. c5 Qc7 12. Bg3 Nxg3 13. hxg3 Be7 14. Nc3 f5 15.
g4 O-O 16. gxf5 e5 17. dxe5 Nxe5 18. Qc2 Nxf3+ 19. gxf3 Bxc5 20. Ne2 Bd6 21. f4
Qf7 22. Ng3 h5 23. Kg2 h4 24. Ne2 Qxf5 25. Qxf5 Rxf5 26. Rh1 Be7 27. Nd4 Rh5
28. Kf3 Kf7 29. Kg4 Rah8 30. Nf3 Bf6 31. Rac1 Ke6 32. Rh3 g6 33. b4 Kd6 34.
Rch1 a5 35. bxa5 Ra8 36. Nxh4 Rah8 37. Nxg6 Rxh3 38. Rxh3 Rxh3 39. Kxh3 1-0

[Event "CAN-ch"]
[Site "Richmond CAN"]
[Date "2002.03.26"]
[Round "6.9"]
[White "Zubac, Marius"]
[Black "Milicevic, Dragoljub"]
[Result "1-0"]
[WhiteElo "2231"]
[BlackElo "2323"]
[PlyCount "103"]
[EventDate "2002.03.21"]
[EventType "swiss"]
[EventRounds "11"]
[EventCountry "CAN"]

1. d4 f5 2. h4 Nc6 3. d5 Ne5 4. Nc3 c6 5. Qd4 d6 6. e4 Nf6 7. Bf4 fxe4 8. Bxe5
dxe5 9. Qxe5 Qa5 10. O-O-O e6 11. f4 Bb4 12. Rh3 cxd5 13. Bb5+ Kf7 14. Nge2 Rd8
15. Rg3 h6 16. f5 Qb6 17. Nf4 Bxc3 18. bxc3 exf5 19. Rxd5 Rxd5 20. Nxd5 Qe6 21.
Qc7+ Nd7 22. Nf4 Qe5 23. Bc4+ Ke8 24. Ne6 Qxc7 25. Nxc7+ Kd8 26. Nxa8 Ne5 27.
Bd5 g6 28. Re3 b6 29. c4 Ba6 30. Rc3 Kc8 31. Kd2 Kb8 32. Ke3 Bb7 33. Kf4 Ng4
34. h5 gxh5 35. Nxb6 axb6 36. Bxb7 Kxb7 37. Kxf5 e3 38. Rd3 Kc6 39. Rd8 Kc5 40.
Kf4 Kxc4 41. Rc8+ Kd4 42. Kf3 Ne5+ 43. Ke2 Nc4 44. Rh8 Kc3 45. Rxh6 Kxc2 46.
Rxh5 Kb2 47. Rb5+ Kxa2 48. Rb4 b5 49. Rxb5 Ka3 50. g4 Ka4 51. Rb8 Ne5 52. g5
1-0

[Event "CAN-ch"]
[Site "Richmond CAN"]
[Date "2002.03.26"]
[Round "6.12"]
[White "Sokourinski, Sergei"]
[Black "Kret, Ted"]
[Result "0-1"]
[WhiteElo "2256"]
[BlackElo "2190"]
[PlyCount "108"]
[EventDate "2002.03.21"]
[EventType "swiss"]
[EventRounds "11"]
[EventCountry "CAN"]

1. d4 Nf6 2. Nf3 g6 3. c4 Bg7 4. Nc3 O-O 5. g3 d6 6. Bg2 Nbd7 7. O-O e5 8. e3
Nh5 9. b3 f5 10. dxe5 dxe5 11. Ba3 Re8 12. Qd5+ Kh8 13. Qf7 e4 14. Nd4 Ne5 15.
Qd5 Qf6 16. Nxe4 fxe4 17. Qxe4 Qf7 18. Qc2 c6 19. Rae1 Nf6 20. h3 Qc7 21. f4
Nf7 22. Kh2 a6 23. Bc1 c5 24. Nf3 Bf5 25. Qe2 Rad8 26. Rd1 Rxd1 27. Rxd1 Ne4
28. Bb2 Nc3 29. Bxc3 Bxc3 30. Nh4 Bc8 31. e4 Rd8 32. Rd5 Be6 33. Rxd8+ Nxd8 34.
e5 Qd7 35. g4 Qd4 36. Qf1 Bd2 37. f5 Qxe5+ 38. Kh1 gxf5 39. gxf5 Bf7 40. Nf3
Qc3 41. Nxd2 Qxd2 42. f6 Qxa2 43. Qe1 Qxb3 44. Qe7 Qd1+ 45. Kh2 Kg8 46. Bd5
Qd2+ 47. Kg1 Qg5+ 48. Kf2 Qf5+ 49. Ke1 Ne6 50. Kd2 b5 51. Bb7 b4 52. Bd5 Qf2+
53. Kd1 Bh5+ 54. Kc1 Qe3+ 0-1

[Event "CAN-ch"]
[Site "Richmond CAN"]
[Date "2002.03.26"]
[Round "6.13"]
[White "Poitras, Luc"]
[Black "Stanford, Mike"]
[Result "1/2-1/2"]
[WhiteElo "2221"]
[BlackElo "2173"]
[PlyCount "88"]
[EventDate "2002.03.21"]
[EventType "swiss"]
[EventRounds "11"]
[EventCountry "CAN"]

1. e4 c5 2. Nf3 Nc6 3. d4 cxd4 4. Nxd4 Qc7 5. g3 a6 6. Bg2 e6 7. O-O Nge7 8.
Be3 Nxd4 9. Bxd4 Nc6 10. Bc3 b5 11. a3 Bb7 12. Qh5 a5 13. b3 b4 14. Bb2 a4 15.
axb4 axb3 16. Rxa8+ Bxa8 17. cxb3 Nxb4 18. Rc1 Qb7 19. Qa5 Nc6 20. Qa4 f6 21.
e5 f5 22. Nd2 Bb4 23. Nc4 O-O 24. Rd1 Rb8 25. Bd4 Qc7 26. Bb6 Qc8 27. Be3 Qe8
28. Nb6 Rd8 29. Ra1 Bc3 30. Nxa8 Bxa1 31. Nc7 Qe7 32. Qxa1 d5 33. exd6 Qxd6 34.
Na6 e5 35. Bc5 Qd7 36. Qf1 e4 37. Qc4+ Kh8 38. Be3 Ne5 39. Qc1 Qb5 40. Nc5 Qe2
41. Nd7 Nxd7 42. Bf1 Qa2 43. Qc7 Qa8 44. Bh3 Qb8 1/2-1/2

[Event "CAN-ch"]
[Site "Richmond CAN"]
[Date "2002.03.26"]
[Round "6.16"]
[White "Patterson, Roger"]
[Black "Leblanc, Paul"]
[Result "1/2-1/2"]
[WhiteElo "2214"]
[BlackElo "2085"]
[PlyCount "72"]
[EventDate "2002.03.21"]
[EventType "swiss"]
[EventRounds "11"]
[EventCountry "CAN"]

1. e4 c6 2. d4 d5 3. e5 c5 4. c3 Nc6 5. Be3 Bf5 6. Nf3 e6 7. Be2 cxd4 8. Nxd4
Nxd4 9. Bxd4 Ne7 10. Bc5 Nc6 11. Bxf8 Kxf8 12. Qb3 Qc7 13. f4 f6 14. exf6 gxf6
15. Nd2 Rg8 16. Rg1 Rg7 17. g4 h5 18. h3 Qxf4 19. O-O-O hxg4 20. hxg4 Bg6 21.
g5 f5 22. Kb1 Rd8 23. Ka1 Kg8 24. Nf3 Bh5 25. Rdf1 Qe3 26. Qd1 d4 27. cxd4 Nxd4
28. Nxd4 Rxd4 29. Qc2 Qxe2 30. Qc8+ Kh7 31. Re1 Rgd7 32. g6+ Bxg6 33. Qxd7+
Rxd7 34. Rxe2 Rd6 35. Rge1 Bf7 36. Rg1 Bg6 1/2-1/2

[Event "CAN-ch"]
[Site "Richmond CAN"]
[Date "2002.03.26"]
[Round "6.17"]
[White "Bogle, Bill"]
[Black "Yousefzadeh, Mehrdad"]
[Result "0-1"]
[WhiteElo "2164"]
[BlackElo "2024"]
[PlyCount "142"]
[EventDate "2002.03.21"]
[EventType "swiss"]
[EventRounds "11"]
[EventCountry "CAN"]

1. e4 Nf6 2. e5 Nd5 3. d4 d6 4. c4 Nb6 5. exd6 exd6 6. Nc3 Be7 7. Nf3 Bg4 8.
Be2 O-O 9. O-O Re8 10. Re1 Bf6 11. Be3 Nc6 12. b3 Qe7 13. Qd2 Qf8 14. Rad1 a6
15. Rc1 Ne7 16. Ne4 Nd7 17. Nxf6+ Nxf6 18. h3 Bh5 19. Nh4 Bxe2 20. Rxe2 d5 21.
f3 Nc6 22. Rce1 Qb4 23. Qc1 Re6 24. Bd2 Qf8 25. Rxe6 fxe6 26. Qc3 Re8 27. c5
Qf7 28. g4 Ne7 29. Qb4 Rb8 30. Ng2 Nc6 31. Qc3 Re8 32. b4 Ne7 33. h4 h5 34. g5
Nd7 35. Bf4 c6 36. Be5 Nxe5 37. Rxe5 Ng6 38. Re1 Qf5 39. Kh2 Rf8 40. Rf1 e5 41.
dxe5 Nxe5 42. Kg3 Kh7 43. Qe3 Nd3 44. a3 Rf7 45. Rd1 Ne5 46. Nf4 g6 47. Rd4 Kg7
48. Qe2 Kf8 49. Qd2 Qb1 50. Kg2 Qb3 51. Qe2 Rf5 52. Nd3 Nxf3 53. Rf4 Qxd3 54.
Rxf5+ Qxf5 55. Qxf3 Qxf3+ 56. Kxf3 Ke7 57. a4 Ke6 58. Kf4 Kf7 59. Ke5 Ke7 60.
b5 axb5 61. axb5 Kd7 62. bxc6+ bxc6 63. Kf6 d4 64. Kxg6 d3 65. Kh7 d2 66. g6
d1=Q 67. g7 Qd3+ 68. Kh6 Qe3+ 69. Kh7 Qe7 70. Kh6 Qf7 71. g8=Q Qxg8 0-1

[Event "CAN-ch"]
[Site "Richmond CAN"]
[Date "2002.03.26"]
[Round "6.18"]
[White "Sladek, Vaclav"]
[Black "Salcedo, Daniel"]
[Result "1/2-1/2"]
[WhiteElo "2085"]
[BlackElo "2158"]
[PlyCount "87"]
[EventDate "2002.03.21"]
[EventType "swiss"]
[EventRounds "11"]
[EventCountry "CAN"]

1. d4 Nf6 2. Bg5 Ne4 3. h4 d5 4. Nd2 Nxg5 5. hxg5 Bf5 6. e3 e6 7. Ngf3 Be7 8.
Nh4 Bxg5 9. Nxf5 exf5 10. c4 c6 11. Qb3 Qd7 12. Be2 Bf6 13. cxd5 cxd5 14. Bf3
Nc6 15. Qxd5 Qxd5 16. Bxd5 Nb4 17. Bb3 Rc8 18. Ke2 O-O 19. Rac1 b5 20. a3 Na6
21. Bd5 Rcd8 22. Bb7 Nb8 23. Rhd1 Rd6 24. b4 g6 25. Nb3 Bd8 26. Rc8 Bb6 27.
Rdc1 Rfd8 28. Rxd8+ Rxd8 29. Rc8 Rxc8 30. Bxc8 Kf8 31. Nc5 Ke7 32. Na6 Nd7 33.
Bb7 Kd6 34. Nc5 Nf6 35. Ba6 Nd5 36. Kd3 Nc7 37. Bb7 h5 38. g3 a5 39. Bf3 axb4
40. axb4 Nd5 41. Na6 Nf6 42. Nc5 Ng4 43. Ke2 Nf6 44. Kd3 1/2-1/2

[Event "CAN-ch"]
[Site "Richmond CAN"]
[Date "2002.03.27"]
[Round "7.5"]
[White "Ross, Dave"]
[Black "Zubac, Marius"]
[Result "1/2-1/2"]
[WhiteElo "2397"]
[BlackElo "2231"]
[PlyCount "33"]
[EventDate "2002.03.21"]
[EventType "swiss"]
[EventRounds "11"]
[EventCountry "CAN"]

1. d4 f5 2. Nc3 d5 3. e4 dxe4 4. Bf4 c6 5. Qd2 Nf6 6. f3 Be6 7. fxe4 Nxe4 8.
Nxe4 fxe4 9. Ne2 Nd7 10. Nc3 Nf6 11. g3 Qd7 12. Bg2 O-O-O 13. O-O-O Bg4 14.
Nxe4 Nxe4 15. Bxe4 Bxd1 16. Rxd1 e6 17. Qa5 1/2-1/2

[Event "CAN-ch"]
[Site "Richmond CAN"]
[Date "2002.03.27"]
[Round "7.6"]
[White "Haessel, Dale"]
[Black "Herder, David"]
[Result "0-1"]
[WhiteElo "2263"]
[BlackElo "2273"]
[PlyCount "46"]
[EventDate "2002.03.21"]
[EventType "swiss"]
[EventRounds "11"]
[EventCountry "CAN"]

1. c4 b6 2. Nc3 e6 3. e4 Bb4 4. Nge2 Bb7 5. g3 f5 6. d3 Nf6 7. Bg2 O-O 8. O-O
fxe4 9. dxe4 a5 10. e5 Bxg2 11. Kxg2 Ng4 12. Qd4 h5 13. Nf4 Nc6 14. Qe4 Bxc3
15. bxc3 Ngxe5 16. Nxh5 d5 17. cxd5 exd5 18. Qe2 Qd7 19. Nf4 g5 20. Nd3 Nf3 21.
h3 Rae8 22. Be3 d4 23. cxd4 Qd5 0-1

[Event "CAN-ch"]
[Site "Richmond CAN"]
[Date "2002.03.27"]
[Round "7.7"]
[White "Gardner, Robert"]
[Black "Lawson, Eric"]
[Result "0-1"]
[WhiteElo "2268"]
[BlackElo "2200"]
[PlyCount "104"]
[EventDate "2002.03.21"]
[EventType "swiss"]
[EventRounds "11"]
[EventCountry "CAN"]

1. e4 c5 2. Nf3 Nc6 3. d4 cxd4 4. Nxd4 e5 5. Nb5 d6 6. g3 h5 7. h3 a6 8. N5c3
h4 9. g4 Nge7 10. Bg2 Ng6 11. Nd5 Nce7 12. Nbc3 Be6 13. Bg5 Rb8 14. a4 f6 15.
Be3 Nxd5 16. exd5 Bf7 17. Be4 Ne7 18. Qf3 Ng8 19. a5 g6 20. Bb6 Qd7 21. Na4 Bg7
22. Ba7 Rd8 23. Nb6 Qb5 24. b3 Ne7 25. Ra4 O-O 26. c4 Qe8 27. O-O Kh8 28. b4 f5
29. Bc2 Bg8 30. Ra3 fxg4 31. Qxg4 Rf4 32. Qe2 Nf5 33. Na4 b5 34. axb6 Nd4 35.
Qd1 Qf7 36. f3 Nxc2 37. Qxc2 e4 38. Qe2 Rf8 39. Kg2 Qf6 40. b7 Qe7 41. b8=Q
exf3+ 42. Qxf3 Rxf3 43. Rfxf3 Rxb8 44. Bxb8 Qe2+ 45. Rf2 Qxc4 46. Nb6 Qxb4 47.
Rxa6 Qe4+ 48. Kg1 Bd4 49. Raa2 Bxb6 50. Bxd6 Qe1+ 51. Kg2 Bxd5+ 52. Rf3 Qg1#
0-1

[Event "CAN-ch"]
[Site "Richmond CAN"]
[Date "2002.03.27"]
[Round "7.8"]
[White "Cummings, David"]
[Black "Huber, Greg"]
[Result "1-0"]
[WhiteElo "2490"]
[BlackElo "2303"]
[PlyCount "81"]
[EventDate "2002.03.21"]
[EventType "swiss"]
[EventRounds "11"]
[EventCountry "CAN"]

1. c4 e6 2. g3 d5 3. Nf3 c5 4. cxd5 exd5 5. d4 Nc6 6. Bg2 Nf6 7. O-O Be7 8. Nc3
O-O 9. dxc5 Bxc5 10. Bg5 d4 11. Bxf6 Qxf6 12. Nd5 Qd8 13. Nd2 Re8 14. Rc1 Bb6
15. Nc4 Bg4 16. Re1 h6 17. a3 Rc8 18. Ncxb6 axb6 19. Qd2 b5 20. Qd3 Re5 21.
Qxb5 Be6 22. Rxc6 Rxc6 23. Ne7+ Qxe7 24. Qxe5 Rc4 25. b4 Qc7 26. Qxc7 Rxc7 27.
Rd1 b5 28. Be4 f5 29. Bg2 Rc3 30. Rxd4 Rxa3 31. Bc6 Kf7 32. Bxb5 Kf6 33. Bc6
Ke5 34. e3 Rc3 35. b5 g5 36. Rd1 Rb3 37. Rc1 h5 38. Kg2 Bd5+ 39. Bxd5 Kxd5 40.
Rc8 Rxb5 41. Rg8 1-0

[Event "CAN-ch"]
[Site "Richmond CAN"]
[Date "2002.03.27"]
[Round "7.11"]
[White "Ristovic, Nenad"]
[Black "Jiganchine, Roman"]
[Result "1-0"]
[WhiteElo "2346"]
[BlackElo "2219"]
[PlyCount "76"]
[EventDate "2002.03.21"]
[EventType "swiss"]
[EventRounds "11"]
[EventCountry "CAN"]

1. d4 d5 2. c4 dxc4 3. e3 Nf6 4. Bxc4 e6 5. Nf3 c5 6. O-O a6 7. a4 Nc6 8. Nc3
cxd4 9. exd4 Be7 10. Bf4 O-O 11. h3 Nb4 12. Ne5 Nfd5 13. Bg3 Bf6 14. Qb3 Qa5
15. Ne4 Be7 16. f4 Nc6 17. Rad1 Qb4 18. Rf3 Qxb3 19. Bxb3 h6 20. Bxd5 exd5 21.
Nc3 Rd8 22. f5 Bf6 23. Nxc6 bxc6 24. a5 Re8 25. Na4 Ra7 26. Bd6 Re4 27. Nb6
Rxd4 28. Rc1 Bd7 29. Bc5 Re4 30. Nxd5 Bxb2 31. Rd1 Rb7 32. Nb6 Be8 33. Rd8 Re5
34. Rb3 Ba1 35. Nc4 Rxc5 36. Rxb7 Rxc4 37. Rxe8+ Kh7 38. Rxf7 Rc5 1-0

[Event "CAN-ch"]
[Site "Richmond CAN"]
[Date "2002.03.27"]
[Round "7.12"]
[White "Stanford, Mike"]
[Black "Milicevic, Dragoljub"]
[Result "0-1"]
[WhiteElo "2173"]
[BlackElo "2323"]
[PlyCount "67"]
[EventDate "2002.03.21"]
[EventType "swiss"]
[EventRounds "11"]
[EventCountry "CAN"]

1. e4 d6 2. d4 Nf6 3. Nc3 g6 4. Be3 c6 5. h3 b5 6. e5 Nfd7 7. f4 b4 8. Ne4 d5
9. Ng5 e6 10. g4 Nb6 11. b3 Qc7 12. Rc1 a5 13. Ne2 h6 14. Nf3 Ba6 15. Bg2 Be7
16. O-O N8d7 17. Rf2 h5 18. Ng3 hxg4 19. hxg4 c5 20. c3 c4 21. f5 gxf5 22. gxf5
Qd8 23. fxe6 fxe6 24. Qc2 Nf8 25. Ne2 Rc8 26. Qb1 Rc7 27. Nf4 Bh4 28. Nxh4 Qxh4
29. Rf3 Qh2+ 30. Kf2 Rg7 31. Qb2 Rhg8 32. Rg1 Qh4+ 33. Ke2 cxb3+ 34. Kd2 0-1

[Event "CAN-ch"]
[Site "Richmond CAN"]
[Date "2002.03.27"]
[Round "7.13"]
[White "Divljan, Igor"]
[Black "Poitras, Luc"]
[Result "1/2-1/2"]
[WhiteElo "2242"]
[BlackElo "2221"]
[PlyCount "139"]
[EventDate "2002.03.21"]
[EventType "swiss"]
[EventRounds "11"]
[EventCountry "CAN"]

1. d4 Nf6 2. c4 e6 3. Nc3 Bb4 4. e3 O-O 5. Bd3 d5 6. Nf3 c5 7. O-O Nc6 8. a3
Bxc3 9. bxc3 dxc4 10. Bxc4 Qc7 11. Bd3 e5 12. Qc2 Re8 13. e4 Bg4 14. Nxe5 Nxe5
15. dxe5 Qxe5 16. f4 Qe7 17. e5 c4 18. Be4 Qc5+ 19. Kh1 Nxe4 20. Qxe4 Qc6 21.
Qxc6 bxc6 22. Be3 Bf5 23. Bc5 Reb8 24. h3 Rb5 25. Bd6 h5 26. Rf2 Rb3 27. Rc1
Rc8 28. Kh2 c5 29. Kg3 g6 30. Kh4 Kg7 31. Be7 Rxa3 32. g4 Bd3 33. Kg5 Rb3 34.
f5 Rb7 35. f6+ Kh7 36. e6 fxe6 37. f7 Rxe7 38. f8=Q Rxf8 39. Rxf8 e5 40. Kf6
Rc7 41. Kxe5 Kg7 42. Ra8 hxg4 43. hxg4 Kh6 44. Kf4 Rf7+ 45. Kg3 Re7 46. Kh4 g5+
47. Kg3 Re3+ 48. Kf2 Re2+ 49. Kf3 Re7 50. Rc8 Be2+ 51. Kg3 Re4 52. Rc6+ Kg7 53.
Ra1 Bxg4 54. Rxa7+ Kf8 55. Rh6 Kg8 56. Rb6 Bh5 57. Rb8+ Be8 58. Kf3 Re5 59. Kg4
Kf8 60. Rc8 Re3 61. Rh7 Re5 62. Rhc7 Re3 63. Rxc5 Ke7 64. R8c7+ Bd7+ 65. Kxg5
Kd6 66. Rxc4 Re5+ 67. Kf4 Rf5+ 68. Kg4 Rd5+ 69. Kf4 Bb5 70. Rd4 1/2-1/2